000
00346 a2200157 4500
001
68112
020
_a
9783126069823
040
_c
Anchieta - Pituba
100
_a
Salomo, Dorothé
240
1
0
_a
DaF für Jugendliche
_l
deu / ger
245
1
0
_a
DaF für Jugendliche
300
_a
199
362
0
_a
2016
650
4
_a
Língua alemã
942
_c
BK
999
_c
68112
_d
68112